000 00623cam a2200217 a 4500
001 3414341
005 20180202040404.0
008 900313s1990 iaua b s001 0 eng
010 _a 90009676
020 _a0813815932 (alk. paper)
040 _aDLC
_cDLC
_dDLC
041 _aeng
080 _a636.089/8392 cly
082 0 0 _a636.089/8392 cly
_220
100 _a10
101 _agyn
245 0 0 _aLaboratory diagnosis of livestock abortion /
_cedited by Clyde A. Kirkbride.
504 _aIncludes bibliographical references and index.
906 _a7
_bcbc
_corignew
_d1
_eocip
_f19
_gy-gencatlg
942 _2ddc
_cBK
999 _c41583
_d41583